000 00664nam a2200241Ia 4500
003 OSt
005 20220918221900.0
006 a|||||r|||| 00| 0
007 ta
008 220917b |||||||| |||| 00| 0 eng d
024 _a210,500
037 _cTextual
040 _aARTS
_cARTS
_beng
041 _2eng
_aeng
082 _aW.498, N4
100 _aSchwartz Ronald D.
_9141650
245 0 _aCircle of protest
_b Political ritual in the Tibetan uprising
260 _aLondon
_bHurst & co.
_c1994
300 _axv, 263 p
_ccm.
650 _aPOLITICAL SCIENCE
942 _hW.498, N4
_cTEXL
_2CC
999 _c273915
_d273915